Normal view
MARC view
Entry Personal Name
001 - CONTROL NUMBER
- control field: 1238182
003 - CONTROL NUMBER IDENTIFIER
- control field: OSt
005 - DATE AND TIME OF LATEST TRANSACTION
- control field: 20260430150656.0
008 - FIXED-LENGTH DATA ELEMENTS
- fixed length control field: 260430|| aca||aabn | a|a d
040 ## - CATALOGING SOURCE
- Original cataloging agency: OSt
- Transcribing agency: OSt
100 ## - HEADING--PERSONAL NAME
- Personal name: University of Delhi. Faculty of Technology. Deptt. of Electronics and Communication Engineering
670 ## - SOURCE DATA FOUND
- Source citation: Work cat.: (OSt)1850364: Bajaj Chandni Au.; Upadhyay Dharmendra Kumar Gu.; Kanaujia Binod Kumar Gu. 1238181, Design and Analysis of Resonant Antennas for RFID Applications, 2024
